| 000 | 00482cam a2200169ua 4500 | ||
|---|---|---|---|
| 020 | _c22.00 | ||
| 041 |
_aeng _h |
||
| 082 |
_a636 _bRAN/AG |
||
| 100 | _aRanjhan, S.K . | ||
| 245 |
_aAgroindustrial byproducts and nonconventional feeds for livestock feeding / _cS.K Ranjhan. _hTextual Documents |
||
| 260 |
_aNew Delhi : _bIndian Council for Agricultural Research , _c1990. |
||
| 300 | _a127 ; . | ||
| 365 | _a22.00 | ||
| 504 | _a | ||
| 942 | _cBK | ||
| 999 |
_c12057 _d12057 |
||